Language Quiz

Random Language or Letter Quiz
Score 0/30 Timer 03:00
1 Play Today
% Correct
all
95.1%
are
95.1%
as
94.7%
arm
94.7%
account
94.3%
ashes
94%
Achilles'
93.8%
again
93.7%
against
93.5%
agree
93.4%
act
93.1%
at
92.8%
add
92.6%
around
92.5%
ants
92.4%
% Correct
apple
92%
afraid
91.1%
ago
91%
asking
90.2%
across
90.1%
axe
89.5%
appear
88.8%
air
88.2%
answer
87.8%
ace
87.1%
appetite
86.8%
arms
85.3%
ahead
84.6%
away
81%
albatross
79.5%
Come Together.
Have Fun.
All Virtual.
We all need to come together. Play Sporcle's virtual live trivia to have fun, connect with people, and get your trivia on. Join a live hosted trivia game for your favorite pub trivia experience done virtually. If a virtual private party is more your thing, go here for details.

You're not logged in!

Compare scores with friends on all Sporcle quizzes.
OR
Log In

Sporcle TV

Today on Sporcle TV


Watch our educational content, quiz creation guides, and fun videos on Sporcle TV.

Show Comments

Extras

Top Quizzes Today


Score Distribution

Paid Content

Your Account Isn't Verified!

In order to create a playlist on Sporcle, you need to verify the email address you used during registration. Go to your Sporcle Settings to finish the process.

Report this User

Report this user for behavior that violates our Community Guidelines.

Details: